000 01688cam a22004814i 4500
003 PE-LiUPU
005 20250731173546.0
008 150616s1993 nyu rb 001 0 eng d
020 _a0385233175
035 _a(Sirsi) i9780385233170
040 _aPE-LiUPU
_bspa
_cPE-LiUPU
_erda
049 _aPRUA
082 0 4 _a220.7
_bAB
_221
100 1 _aFitzmyer, Joseph A.,
_eautor.
245 1 0 _aRomans.
_n33 /
_cJoseph A. Fitzmyer.
264 1 _aNew York :
_bDoubleday,
_c1993.
300 _a793 páginas ;
_c24 centímetros.
336 _atext
_2rdacontent
337 _aunmediated
_2rdamedia
338 _avolume
_2rdacarrier
490 1 _aThe Anchor Bible ;
_v33
504 _aIncluye referencias bibliográficas e indices.
505 0 _aIntroduction -- Doctrinal section: God's gospel of Jesus Christ our lord -- Hortatory section: The demands of upright life in Christ -- Conclusion -- Doxology.
526 _aSEG42
526 _aSEG41
526 _aSEG40
526 _aSEG39
526 _aP94
526 _aP87
526 _aP86
526 _aP85
526 _aP77
526 _aP76
526 _aP35
630 _aBiblia.
_pN.T.
_pRomanos
_xComentarios.
910 _ajck
_bjvq
_cjck
942 _2ddc
_cBOOK
949 _a220.7 AB 33
_wDEWEY
_c1
_i42761
_lCCODEBUL1
_mBUL
_r0
_sY
_tBOOK
_u2015-6-16
_xTEOLOGIA
_zUNKNOWN
_0COMPRA
_o.STAFF. Colección Teología
994 _aC0
_bPEPRU
596 _a1
999 _a220.7 AB 33
_wDEWEY
_c60724
_i42761
_d60724
_e2017-4-17
_f2021-11-9
_g6
_lCCODEBUL1
_mBUL
_n1
_p30.00
_q8
_r0
_sY
_tBOOK
_u2015-6-16
_xTEOLOGIA
_PP35
_0COMPRA
_o.STAFF. Colección Teología
980 _81
_gALBERTO SANCHEZ Responsable de Automatización